Statistics for name the capital cities in uk

Click here to take the quiz!

General Stats

  • This quiz has been taken 44 times
  • The average score is 4 of 5

Answer Stats

Answer% Correct
capital of UKlondon
100%
this where the millennium stadium iscardiff
84%
capital of scotlandedinburgh
84%
houses thetitanic centrebelfast
80%
capital of the smallest country eversealand city
8%

Score Distribution

Percentile by Number Answered

Percent of People with Each Score

Your Score History

You have not taken this quiz